Propiedad intelectual y acceso a tecnologías ambientales /

সংরক্ষণ করুন:
গ্রন্থ-পঞ্জীর বিবরন
প্রধান লেখক: Lowenstein, Vanesa
বিন্যাস: পাঠ‍্য
বিষয়গুলি:
ট্যাগগুলো: ট্যাগ যুক্ত করুন
কোনো ট্যাগ নেই, প্রথমজন হিসাবে ট্যাগ করুন!

MARC

LEADER 00000 a a2200000 04500
001 13152
003
040
100 |a Lowenstein, Vanesa  
245 |a Propiedad intelectual y acceso a tecnologías ambientales /  |c Vanesa Lowenstein 
650 |a ASPECTOS ECONOMICOS  
650 |a PROPIEDAD INTELECTUAL  
650 |a TEGNOLOGIA  
650 |a ASPECTOS AMBIENTALES  
650 |a ACCESO A LOS MERCADOS  
650 |a ARANCELES  
773 |g volumen 9, número 3; páginas 16-17  
999 |c 22546  |d 22546